Queer as Folk trivia (hard) - Statistics

General Stats
  • This quiz has been taken 50 times
  • The average score is 9 of 15
Answer Stats
Question Answer % Correct
What is Emmett’s stage name at Ted’s porn company? Fetch Dickson
88%
What is the name of Brian’s own advertising company? Kinnetic
88%
Where does Ted briefly become an opera singer? An Italian restaurant
78%
What school does Justin almost go to instead of the Pittsburgh Institute of Fine Art? Dartmouth
72%
Where does Ben want to go for a wellness retreat in season 2? Tibet
72%
Where did Brian pretend he went when he was getting cancer treatment? Ibiza
69%
What colour does Justin suggest they make the boards during his advertising internship? Orange
66%
What school team is Daphne’s high school boyfriend on? Swim
66%
Who is in charge of making the cake for Lindsay and Melanie’s wedding? Justin and Vic
63%
Who does Justin ask Ted if he saw at rehab? Robert Downey Jr
63%
What does Michael order at the diner when he’s hungover? Bacon and eggs over-very-very-easy
53%
What drug was Brian on during episode 1? Ecstasy
53%
What movie does Justin’s mum give Brian when she asks him to take in her son? The Yellow Submarine
44%
Who does Melanie offer to represent in an entrapment case? Vic
34%
What song plays in Babylon at the beginning of First Kill? I Wanna Be a Cowboy
31%
No matching quizzes found
Score Distribution
Percent of People with Each Score
Percentile by Number Answered
Your Score History
You have not taken this quiz